| 000 | 00391nam a2200157Ia 4500 | ||
|---|---|---|---|
| 008 | 210716s2009 xx 000 0 und d | ||
| 020 | _a9788177223477 | ||
| 041 | _aeng | ||
| 082 | _a006.6768 ROBM | ||
| 100 | _aRobinson, Matthew;Vorobiev, Pavel. | ||
| 245 | _aSwing. | ||
| 250 | _a2 | ||
| 260 |
_aNew Delhi _bDreamtech Press _c2009 |
||
| 300 | _axxiii,876 | ||
| 650 | _aLogic Programming | ||
| 999 |
_c190838 _d190838 |
||